Teorija verojatnostej, slučajnyje processy i matematičeskaja statistika

Guardado en:
Detalles Bibliográficos
Autor principal: Rozanov, Jurij Anatol'jevič
Formato: Libro
Lenguaje:ruso
Publicado: Moskva Nauka 1989
Edición:2. dopln. izd.
Etiquetas: Agregar Etiqueta
Sin Etiquetas, Sea el primero en etiquetar este registro!

MARC

LEADER 00000nam a2200000 4500
001 c029952
005 20250120084435.8
041 0 |a rus 
044 |a RU 
245 1 0 |a Teorija verojatnostej, slučajnyje processy i matematičeskaja statistika  |c Jurij Anatol'jevič Rozanov 
250 |a 2. dopln. izd. 
264 1 |a Moskva  |b Nauka  |c 1989 
300 |a 312 s. 
100 1 |a Rozanov, Jurij Anatol'jevič